Normal view
MARC view
Entry Topical Term
001 - CONTROL NUMBER
- control field: 21851
003 - CONTROL NUMBER IDENTIFIER
- control field:
005 - DATE AND TIME OF LATEST TRANSACTION
- control field: 20230504133347.0
008 - FIXED-LENGTH DATA ELEMENTS
- fixed length control field: 230504|| aca||aabn | a|a d
040 ## - CATALOGING SOURCE
- Original cataloging agency:
- Transcribing agency:
150 ## - HEADING--TOPICAL TERM
- Topical term or geographic name entry element: Administrator
- Form subdivision: Nigeria
- General subdivision: Biography
670 ## - SOURCE DATA FOUND
- Source citation: Work cat.: ()11071: EDEOGHON, Peter 21849, In the hand of destiny/, 2014.
